00968cam a2200241 a 450000100090000000300040000900500170001300800410003001000170007102000220008804000180011005000220012808200170015010000180016724500810018526000680026630000360033450400660037065000390043685600850047585600930056085600730065311958630OSt20180117085951.0000330s2000 enka b 001 0 eng  a 00037515  a0335203795 (pbk.) aDLCcDLCdDLC00aBF76.5b.H39 200000a150/.7/22211 aHayes, Nicky.10aDoing psychological research :bgathering and analysing data /cNicky Hayes. aBuckingham ;aPhiladelphia, PA :bOpen University Press,c2000. axviii, 400 p. :bill. ;c25 cm. aIncludes bibliographical references (p. [387]-391) and index. 0aPsychologyxResearchxMethodology.423Publisher descriptionuhttp://www.loc.gov/catdir/description/mh051/00037515.html423Contributor biographical informationuhttp://www.loc.gov/catdir/bios/mh051/00037515.html413Table of contentsuhttp://www.loc.gov/catdir/toc/mh051/00037515.html